Statistics for gold rush - Taylor Swift Lyrics

Click here to take the quiz!

General Stats

  • This quiz has been taken 1,244 times
  • The average score is 289 of 340

Answer Stats

Answer% Correct
I
100%
a
99%
gold
99%
like
99%
rush
99%
don't
98%
in
97%
you
97%
to
96%
To
96%
be
95%
it
95%
what
95%
What
95%
that
94%
your
94%
My
92%
my
92%
beautiful?
91%
falling
91%
hair
91%
into
90%
love
90%
red
90%
up
90%
With
90%
dominos
89%
Everybody
89%
feel
89%
flush
89%
grow
89%
place
89%
wants
89%
would
89%
on
88%
the
88%
face
87%
must
86%
anticipating
85%
But
85%
touch
85%
so
84%
Walk
83%
wonders
83%
past
81%
quick
80%
almost
79%
and
79%
And
79%
die
79%
Eyes
79%
jump
79%
call
78%
out
78%
see
78%
See
78%
shit
78%
anyone
76%
as
76%
brush
76%
double
76%
folklore
76%
never
76%
ships
76%
vision
76%
inviting
75%
motion
75%
pure
75%
rose
75%
twinkling
75%
bone
74%
crush
74%
dinner
74%
parties
74%
sinking
74%
At
73%
feels
73%
slow
73%
blush
71%
gleaming
71%
town
71%
Cause
70%
contrarian
70%
flying
70%
day
68%
til
68%
waters
68%
door
67%
from
67%
hanging
67%
mind
67%
of
67%
turns
67%
old
66%
We
66%
can't
65%
dream
65%
fades
65%
life
65%
will
65%
me
64%
seen
64%
tshirt
64%
anymore
63%
coastal
63%
gray
63%
tea
63%
about
62%
Eagles
62%
wooden
60%
dare
59%
could
58%
then
57%
had
55%
across
54%
floors
54%
padding
51%
round
49%
found
47%
wandered
45%
won't
44%

Score Distribution

Percentile by Number Answered

Percent of People with Each Score

Your Score History

You have not taken this quiz